=LDR 00000nam 2200000 4500 =001 INLIS000000000030099 =005 20200911101834 =035 ##$$a 0010-061300000030099 =008 200911################g##########0#ind## =041 ##$$a Ind =082 ##$$a 302 =090 ##$$a 302, Pra t =100 ##$$a Pranaseta, I Gede =245 1#$$a Tiga puluh menit mengelola rapat agar sukses dan efektif : $b 30 Tip aksi agar rapat anda efektif /$c I Gede Pranaseta =260 ##$$a Jakarta :$b Pustaka Panenraya,$c 2004 =300 ##$$a 100 hlm, ; $c 20 x 11 cm. =650 #4$$a Rapat =850 ##$$a NBPNMAT =084 ##$$a 302 PRA t =990 ##$$a 10405718 =990 ##$$a 10405719 =990 ##$$a 10405717